| 000 | 00952nam a22002417a 4500 | ||
|---|---|---|---|
| 003 | UA-OsUOA | ||
| 001 | 131116 | ||
| 007 | ta | ||
| 008 | 20180522b un ||||| |||| 00| 0 ukr d | ||
| 090 |
_a81'42 _bП78 |
||
| 942 | _cBK | ||
| 040 |
_aUA-OsUOA _bukr _cUA-OsUOA _dUA-OsUOA |
||
| 245 |
_aПроблеми та перспективи лінгвістичних досліджень в умовах глобалізаційних процесів _bматеріали міжнародної науково-практичної конференції 30 - 31 жовтня 2007 р. _cН. С. Лиса |
||
| 300 | _a289 с. | ||
| 955 | _a1 | ||
| 041 | _aukr | ||
| 080 | _a81'42 | ||
| 020 | _a966-451-005-Х | ||
| 260 |
_aТернопіль _bЕкономічна думка _c2007 |
||
| 246 | 3 | 1 |
_aч. 2 _n |
| 650 | 7 |
_a8 Мовознавство. Художня література. Літературознавство _2UDC |
|
| 999 |
_c419281 _d419281 |
||